Procedimientos informáticos en sistemas empresariales / (Record no. 44860)

MARC details
000 -LEADER
campo de control de longitud fija 00667nam a2200193 i 4500
001 - NÚMERO DE CONTROL
campo de control 44860
003 - IDENTIFICADOR DE NÚMERO DE CONTROL
campo de control ES-MaACL
005 - FECHA Y HORA DE LA ÚLTIMA TRANSACCIÓN
campo de control 20230906161116.0
007 - CAMPO FIJO DE DESCRIPCIÓN FÍSICA--INFORMACIÓN GENERAL
campo de control de longitud fija t|
008 - DATOS DE LONGITUD FIJA--INFORMACIÓN GENERAL
campo de control de longitud fija 030324s1973 sp ||||1| spa d
100 1# - ENTRADA PRINCIPAL--NOMBRE DE PERSONA
Nombre de persona Clark, Frank J.
9 (RLIN) 39030
245 10 - MENCIÓN DEL TÍTULO
Título Procedimientos informáticos en sistemas empresariales /
Mención de responsabilidad, etc. Frank J. Clark, Roland Gale, Robert Gray ; traducción y adaptación Bartolomé Fabián-Frankel.
260 ## - PUBLICACIÓN, DISTRIBUCIÓN, ETC.
Lugar de publicación, distribución, etc. Madrid, etc. :
Nombre del editor, distribuidor, etc. Prentice-Hall,
Fecha de publicación, distribución, etc. [1973]
300 ## - DESCRIPCIÓN FÍSICA
Extensión XII, 303 p. ;
Dimensiones 24 cm.
700 1# - ENTRADA AGREGADA--NOMBRE PERSONAL
Nombre de persona Gale, Ronald.
9 (RLIN) 53364
700 1# - ENTRADA AGREGADA--NOMBRE PERSONAL
Nombre de persona Gray, Robert.
9 (RLIN) 59804
700 1# - ENTRADA AGREGADA--NOMBRE PERSONAL
Nombre de persona Fabián-Frankel, Bartolomé.
9 (RLIN) 48513
852 ## - LOCALIZACIÓN
Ubicación ES-MaACL
Número de control de estantería E-7711
Sublocalización o colección R.92060
Holdings
Estatus retirado Estado de pérdida Estado de daño No para préstamo Biblioteca de origen Biblioteca actual Ubicación en estantería Fecha de adquisición Fuente de adquisición Total de préstamos Signatura topográfica completa Código de barras Visto por última vez Precio de reemplazo Tipo de ítem Koha
        Biblioteca del Ateneo de Madrid Biblioteca del Ateneo de Madrid Depósito 2 17/01/2008     E-7711 1047212 23/02/2023 23/02/2023 Libro impreso